| 000 | 00833nam a2200265 i 4500 | ||
|---|---|---|---|
| 001 | bg | ||
| 110 | 1 |
_aPolska. _bKomisja Nadzoru Finansowego. |
|
| 245 |
_aSprawozdanie z działalności Komisji Nadzoru Finansowego w 2009 roku / _cKomisja Nadzoru Finansowego. |
||
| 260 |
_aWarszawa : _bKomisja Nadzoru Finansowego, _c2010. |
||
| 300 |
_a198 s. : _bil. ; _c30 cm. |
||
| 610 | 2 | 9 |
_aKomisja Nadzoru Finansowego _vsprawozdania |
| 650 | 9 |
_aRynki finansowe _xkontrola _zPolska _yod 2001 r. |
|
| 650 | 9 |
_aBudżet państwowy _xkontrola _zPolska _yod 2001 r. |
|
| 710 | 2 | _aKomisja Nadzoru Finansowego (Warszawa) | |
| 022 | _a1899-8046 | ||
| 040 | _cBPK | ||
| 041 | 0 | _apol | |
| 044 | _aPOL | ||
| 080 | _a336.7 | ||
| 080 | _a005.584 | ||
| 080 | _a(438) | ||
| 080 | _a(06) | ||
| 942 | _cKS | ||
| 008 | 130116s pl a f |000 0 pol | ||
| 999 |
_c53869 _d53869 |
||
| 856 |
_uhttp://koha.tu.koszalin.pl/cgi-bin/koha/opac-detail.pl?biblionumber=53869 _yKatalog online BPK |
||